000 00332 a2200157 4500
001 68997
020 _a
040 _cAnchieta - Itaigara
100 _aVelloso, Mabel
240 1 0 _aBonequinhos de papel
_lpor
245 1 0 _aBonequinhos de papel
300 _a36
362 0 _a2005
650 4 _aLiteratura infantil
942 _cBK
999 _c68997
_d68997